Les papiers de l'Abbé Béliardi et les relations commerciales de la France et de l'Espagne au milieu du \RXVIIIe\R siècle (1757-1770) / (Record no. 160406)

MARC details
000 -LEADER
campo de control de longitud fija 00781nam a22001815i 4500
001 - NÚMERO DE CONTROL
campo de control 160406
003 - IDENTIFICADOR DE NÚMERO DE CONTROL
campo de control ES-MaACL
005 - FECHA Y HORA DE LA ÚLTIMA TRANSACCIÓN
campo de control 20230906212027.0
008 - DATOS DE LONGITUD FIJA--INFORMACIÓN GENERAL
campo de control de longitud fija 040924s1903 fr |||| | fre d
040 ## - FUENTE DE CATALOGACIÓN
Centro catalogador/agencia de origen CAM
Lengua de catalogación spa
Centro/agencia transcriptor CAM
100 1# - ENTRADA PRINCIPAL--NOMBRE DE PERSONA
Nombre de persona Muret, Pierre.
9 (RLIN) 84567
245 14 - MENCIÓN DEL TÍTULO
Título Les papiers de l'Abbé Béliardi et les relations commerciales de la France et de l'Espagne au milieu du \RXVIIIe\R siècle (1757-1770) /
Mención de responsabilidad, etc. Pierre Murat.
260 ## - PUBLICACIÓN, DISTRIBUCIÓN, ETC.
Lugar de publicación, distribución, etc. Macon :
Nombre del editor, distribuidor, etc. [s.n.,
Fecha de publicación, distribución, etc. s.a.] (
Fabricante Protat Frères, imprimeurs)
300 ## - DESCRIPCIÓN FÍSICA
Extensión 16 p. ;
Dimensiones 25 cm.
500 ## - NOTA GENERAL
Nota general Datos tomados de la cub.
595 ## -
-- Extrait de la Revue d'histoire moderne et contemporaine, 1902-1903, T. IV, p. 657-672.
852 ## - LOCALIZACIÓN
Ubicación ES-MaACL
Número de control de estantería T-1060-F-11
Nota libre -- Enc. hol., conservando la cub. original
-- -- Enc. en un vol. facticio
Holdings
Estatus retirado Estado de pérdida Estado de daño No para préstamo Colección Biblioteca de origen Biblioteca actual Ubicación en estantería Fecha de adquisición Total de préstamos Signatura topográfica completa Código de barras Visto por última vez Precio de reemplazo Tipo de ítem Koha
        Colección de folletos Biblioteca del Ateneo de Madrid Biblioteca del Ateneo de Madrid Depósito folletos 17/01/2008   T-1060-F-11 1167958 23/02/2023 23/02/2023 Folleto